Constitution made simple / (Record no. 72625)

MARC details
000 -LEADER
fixed length control field 00744nam a22002417i 4500
003 - CONTROL NUMBER IDENTIFIER
control field URS
005 - DATE AND TIME OF LATEST TRANSACTION
control field 20251001091318.0
008 - FIXED-LENGTH DATA ELEMENTS--GENERAL INFORMATION
fixed length control field 180628s2003 ph ||||| |||| 00| 0 eng d
020 ## - INTERNATIONAL STANDARD BOOK NUMBER
International Standard Book Number 971-23-2438-9
040 ## - CATALOGING SOURCE
Description conventions rda
Transcribing agency urs
Language of cataloging eng
050 14 - LIBRARY OF CONGRESS CALL NUMBER
Classification number KPM1744.A7
Item number .D3778 2003
100 1# - MAIN ENTRY--PERSONAL NAME
Personal name De Leon, Hector S.
245 10 - TITLE STATEMENT
Title Constitution made simple /
Statement of responsibility, etc. by Hector S. De Leon.
250 ## - EDITION STATEMENT
Edition statement Second edition
264 #1 - PRODUCTION, PUBLICATION, DISTRIBUTION, MANUFACTURE, AND COPYRIGHT NOTICE
Place of production, publication, distribution, manufacture Manila :
Name of producer, publisher, distributor, manufacturer published and distributed by Rex Book Store,
Date of production, publication, distribution, manufacture, or copyright notice [date of publication not identified].
264 #4 - PRODUCTION, PUBLICATION, DISTRIBUTION, MANUFACTURE, AND COPYRIGHT NOTICE
Date of production, publication, distribution, manufacture, or copyright notice copyright 2002
300 ## - PHYSICAL DESCRIPTION
Extent xxxix, 304 pages ;
Dimensions 22 cm
336 ## - CONTENT TYPE
Source rdacontent
Content type term text
337 ## - MEDIA TYPE
Source rdamedia
Media type term unmediated
338 ## - CARRIER TYPE
Source rdacarrier
Carrier type term volume
650 #0 - SUBJECT ADDED ENTRY--TOPICAL TERM
Topical term or geographic name entry element Constitutional law
Geographic subdivision Philippines
942 ## - ADDED ENTRY ELEMENTS (KOHA)
Koha item type Reserved Books
Source of classification or shelving scheme Library of Congress Classification
Holdings
Withdrawn status Source of classification or shelving scheme Damaged status Not for loan Collection code Home library Current library Shelving location Date acquired Total Checkouts Full call number Barcode Date last seen Price effective from Koha item type
  Library of Congress Classification     Non-fiction Tanay College Library Tanay College Library Reference 02/16/2015   KPM1744.A7 .D3778 2003 URSTAN-15291 12/06/2018 02/16/2015 Reserved Books
  Library of Congress Classification     Non-fiction Tanay College Library Tanay College Library Reserve Section 02/16/2015   KPM1744.A7 .D3778 2003 URSTAN-N3580 12/06/2018 02/16/2015 Filipiniana

University of Rizal System
Email us at univlibservices@urs.edu.ph

Visit our Website www.urs.edu.ph/library